| 000 | 00727cab a2200241 4500 | ||
|---|---|---|---|
| 001 | ABS59472 | ||
| 008 | 090401t1998 xxu||||| |||| 00| 0 eng d | ||
| 035 | _a(Sirsi) u89011 | ||
| 041 | _aeng | ||
| 100 | _aWilson, I. | ||
| 245 | _aAction needed on unfit homes | ||
| 260 | _c1998 | ||
| 350 | _a0 | ||
| 490 |
_aHousing _v34(7) September 1998, 46(1) |
||
| 520 | _aProvides statistics from the latest DETR English house condition survey. Illustrates how the number of `unfit` houses far outweigh the level of new investment. | ||
| 650 | _aHOUSE CONDITION SURVEY | ||
| 650 | _aHOUSING CONDITIONS | ||
| 650 | _aHOUSING DEFECTS | ||
| 650 | _aUNFIT DWELLINGS | ||
| 690 | _aHOUSING | ||
| 942 | _n0 | ||
| 948 | _c15/10/1998 | ||
| 999 |
_c56292 _d56292 |
||